Kursus komunikasi berkesan ke arah kecemerlangan organisasi untuk kakitangan JPPH Wilayah [ 25 Mac 1995

Bibliographic Details
Corporate Author: INSPEN (Institut Penilaian Negara)
Format: Book
Published: Kuala Lumpur : FRIM , 1995
Subjects:

MARC

LEADER 00000cam a2200000 7i4500
001 0000004837
005 20101111.0
008 101111
040 |a INS 
090 0 0 |a VCD 1614 
245 0 0 |a Kursus komunikasi berkesan ke arah kecemerlangan organisasi untuk kakitangan JPPH Wilayah [  |h cakera video] :   |b 25 Mac 1995 
260 |a Kuala Lumpur :   |b FRIM ,   |c 1995 
300 |a 1 cakera video (1 jam) :   |b by., wrn. ;   |c 4 3/4 in. 
500 |a Juga terdapat dalam format vhs : VHS 570 
650 0 0 |a Communication in organizations 
710 1 |a INSPEN (Institut Penilaian Negara) 
999 |a VCD0001614   |b VIDEO CD   |c Media Collection   |e Default branch